Analýza foriem financovania a poisťovania zahraničného obchodu v Slovenskej republike, s akcentom na inštitucionálnu podporu (komparácia s formami inštitucionálnej podpory financovania a poisťovania v hospodársky vyspelej ekonomike - SRN) dizertačná práca

Enregistré dans:
Détails bibliographiques
Auteur principal: Szabó, Richard
Collectivité auteur: Ekonomická univerzita v Bratislave. Obchodná fakulta
Autres auteurs: Urban, Eduard
Format: Livre
Langue:slovaque
Publié: Bratislava 2003
Sujets:
Tags: Ajouter un tag
Pas de tags, Soyez le premier à ajouter un tag!

MARC

LEADER 00000nbm a2200000 4500
001 0179359
005 20221207102534.0
041 0 |a slo 
044 |a SK 
245 1 0 |a Analýza foriem financovania a poisťovania zahraničného obchodu v Slovenskej republike, s akcentom na inštitucionálnu podporu (komparácia s formami inštitucionálnej podpory financovania a poisťovania v hospodársky vyspelej ekonomike - SRN)  |b dizertačná práca  |c Richard Szabó ; školiteľ: Eduard Urban 
264 1 |a Bratislava  |c 2003 
300 |a 169 s. 
610 2 0 |a obchod zahraničný 
610 2 0 |a formy financovania 
610 2 0 |a poisťovníctvo 
610 2 0 |a poisťovne 
610 2 0 |a Slovensko 
610 2 0 |a Nemecko 
610 2 0 |a vývoz 
100 1 |a Szabó, Richard 
700 1 |a Urban, Eduard 
710 2 |a Ekonomická univerzita v Bratislave. Obchodná fakulta